000 00876nam a22002177a 4500
005 20250619152948.0
010 _aB-761712-725 ENG-145455 BACEN25
020 _a9789390473243
_c545.00
035 _aB-761712-725
035 _aEN-128987
037 _bAcademic Aspirations
037 _bDBAD
082 _a333.7
100 _aMishra, Prabhakar S.
_982164
245 _aMethodologies for Environmental Studies /
_cPrabhakar S. Mishra
260 _aNew Delhi
_bAcademic Aspirations
_c2025
270 _a4740/23, Ansari Road, Daryaganj
_bNew Delhi
_e110002
_macademicaspiration@gmail.com
300 _a308p.
_c23cm(pbk)
942 _2ddc
_cEN
_h333.7
_mMIS
999 _c209294
_d209294